Most Bordered Country per Continent Quiz Stats

Quiz Updated Feb 10, 2018

Challenge
Share
Tweet
Embed
Score 0/6 Timer 01:30
11 Plays Today
Continent Country % Correct
South AmericaBrazil (10)
92.3%
AsiaChina (14)
92%
EuropeGermany (9)
84.7%
AfricaDemocratic Republic of the Congo (9)
68.7%
North AmericaGuatemala (4)
66.9%
OceaniaPapua New Guinea (1)
62.9%

You're not logged in!

Compare scores with friends on all Sporcle quizzes.
Sign Up with Email
OR
Log In

You Might Also Like...

Show Comments

Extras

Top Quizzes Today


Score Distribution

Your Account Isn't Verified!

In order to create a playlist on Sporcle, you need to verify the email address you used during registration. Go to your Sporcle Settings to finish the process.

Report this User

Report this user for behavior that violates our Community Guidelines.

Details: